000 00476nam a2200169Ia 4500
999 _c28764
_d28764
003 OSt
005 20210106102141.0
008 190216s9999||||xx |||||||||||||| ||und||
040 _coclc
082 _a894.812301
_bSUD/N
100 _aSudheendrababu, D
_98183
245 0 _aNagarani /
_cD Sudheendrababu
260 _bSaindava Books,
_a Kollam:
_c2006.
300 _a32p
650 _aKathakal
942 _cBK
_2ddc
_h894.812301
_iSUD/N
_k894.812301
_mSUD/N